| 000 | 00000nas 2200000za 4500 |
| 001 | 9.505906 |
| 003 | CaOODSP |
| 005 | 20251128094714 |
| 007 | cr ||||||||||| |
| 008 | 150406c20099999oncar p o f0 a0eng|d |
| 022 | |a1926-3384 |
| 040 | |aCaOODSP|beng |
| 043 | |an-cn--- |
| 086 | 1 |aV100E-PDF |
| 110 | 1 |aCanada. |bOffice of the Veterans Ombudsman. |
| 222 | 0|aAnnual report |b(Canada. Office of the Veterans Ombudsman) |
| 245 | 10|aAnnual report |h[electronic resource] / |cOffice of the Veterans Ombudsman. |
| 260 | |aOttawa : |bOffice of the Veterans Ombudsman, |c[2009]- |
| 310 | |aAnnual |
| 362 | 1 |aBegan with 2008/09. |
| 500 | |aIssued also in French under title: Rapport annuel. |
| 520 | 3 |aProvides an overview of the structure, operations, and progress of the Office of the Veterans Ombudsman. |
| 530 | |aIssued also in print. |
| 692 | 07|2gccst|aVeterans |
| 775 | 08|tRapport annuel |w(CaOODSP)9.502308 |
| 776 | 0#|tOffice of the Veterans Ombudsman - annual report |w(CaOODSP)9.511874 |